000 00591 a2200181 4500
999 _c7352
_d7352
020 _a9780719018688
050 0 0 _aDA533.146 MAC 1985
245 0 0 _aImperialism and popular culture /
_cedited by John M. Mackenzie.
264 _aManchester:
_bManchester University Press,
_c1985
300 _a264 p. :
_bill. ;
500 _aIncludes bibliographies and index.
650 0 _aPopular culture
_xHistory
650 0 _aPopular culture
_xHistory
651 0 _aGreat Britain
651 0 _aGreat Britain
700 1 _aMacKenzie, John M.
_q(John MacDonald),
_d1943-
942 _2lcc
_cBK
_h533.146
_iMAC
_kDA